000 00544nam a22001937a 4500
005 20251108165250.0
008 250721s1991 xx 000 0 ara d
082 1 4 _a956.406/خال
100 1 _aغنام، خالد
245 1 0 _aصواريخ في تل أبيب /
264 1 _aعمان :
_bدار الإبداع للنشر و التوزيع،
_c1991.
300 _a112ص
650 1 7 _aتاريخ فلسطين
650 1 7 _aإسرائيل
650 1 7 _aالعراق
650 1 7 _aالصواريخ
942 _2ddc
_cBK
999 _c23637
_d23637